000 00574nam a22002051 4500
001 20122
003 CZ PrNK
005 20260116144758.0
008 021031s1952 xo slo
040 _aABA001
_bcze
_cABA001
_dABA001
100 1 _aVáross, Marian,
_d1923-1988
_4aut
245 1 0 _aBenka /
_c[Napís.] Marian Váross
250 _a1. vyd.
260 _aBratislava :
_bTvar,
_c1952
300 _a135 s. :
_bil. ;
_c
490 1 _aKnižnica výtvarného umenia ;
_vSv. 6
830 0 _aKnižnica výtvarného umenia
910 _aABA001
942 _2ddc
_cOLDO
_n0
999 _c20122
_d20122